000 00953pam a2200301 a 4500
005 20260322212036.0
008 data
010 _a 91013502
020 _a0870448439
020 _a087044848X (lib. ed)
020 _a9780870448430
020 _a9780870448485 (lib. ed)
040 _aDLC
_cDLC
_dDLC
042 _alcac
050 0 0 _aQL737.U55
_bR56 1991
082 0 0 _a599.73/57
_220
092 _a599.73 R56 1991
100 1 _aRinard, Judith E.
245 1 0 _aDeer growing up in the wild /
_cJudith E. Rinard.
260 _aWashington, D.C. :
_bNational Geographic Society,
_cc1991.
300 _a30, [4] p. :
_bcol. ill. ;
_c26 cm.
440 0 _aBooks for young explorers
504 _aIncludes bibliographical references (p. [34]).
520 _aDescribes how baby deer are reared in the wild and some of the hardships they, and other animals like them, encounter.
650 0 _aDeer
_xJuvenile literature.
650 1 _aDeer.
001 data
999 _c845
_d845